Human exploitation in the United States /

Bibliographic Details
Main Author: Thomas, Norman, 1884-1968
Format: Book
Language:English
Published: New York : Frederick A. Stokes company, 1934.
Subjects:

MARC

Tag First Indicator Second Indicator Subfields
LEADER 00000cam a2200000 4500
001 in00000066577
005 20151007083631.0
008 720428s1934 nyu b 00110 eng
010 |a  34028477  
035 |a (OCoLC)00296536 
035 |9 AAF9655AM 
040 |a DLC  |c CSU  |d OCL  |d TXA  |d UtOrBLW 
049 |a TXAM  |c [54563] 
050 0 |a HC106.3  |b .T4 
082 0 |a 330.973 
092 |a 330.973  |b T459h 
100 1 |a Thomas, Norman,  |d 1884-1968. 
245 1 0 |a Human exploitation in the United States /  |c by Norman Thomas; with an index. 
264 1 |a New York :  |b Frederick A. Stokes company,  |c 1934. 
300 |a xix pages, 1 ., 402 pages ;  |c 21 cm. 
336 |a text  |b txt  |2 rdacontent 
337 |a unmediated  |b n  |2 rdamedia 
338 |a volume  |b nc  |2 rdacarrier 
504 |a Bibliography: pages 391-398. 
650 0 |a Working class  |z United States  |y 1914- 
650 0 |a Capitalism. 
651 0 |a United States  |x Economic conditions  |y 1918-1945. 
651 0 |a United States  |x Social conditions. 
651 0 |a United States  |x Race relations. 
650 0 |a Labor movement  |z United States  |y 1914- 
650 0 |a Labor  |z United States  |y 1914- 
999 |a MARS 
999 f f |s 399f64c9-8855-3573-b9b1-6e62e8f0417b  |i b42dbd99-1529-3558-9ad9-f0fcd2534bb7  |t 0 
952 f f |p ric  |a Texas A&M University  |b Rellis Campus  |c Joint Library Facility  |d Remote Storage  |t 0  |e HC106.3 .T4  |h Library of Congress classification  |i unmediated -- volume  |m A14800708794 
998 f f |a HC106.3 .T4  |t 0  |l Remote Storage